An introduction to global environmental issues

Αποθηκεύτηκε σε:
Λεπτομέρειες βιβλιογραφικής εγγραφής
Κύριος συγγραφέας: Pickering, Kevin T.
Άλλοι συγγραφείς: Owen, Lewis A. 1964-
Μορφή: Βιβλίο
Γλώσσα:English
Δημοσίευση: London; New York : Routledge, 1994
Θέματα:
Ετικέτες: Προσθήκη ετικέτας
Δεν υπάρχουν, Καταχωρήστε ετικέτα πρώτοι!

MARC

LEADER 00000nam a2200000 i 4500
001 1/95419
008 980804s1994 eng d
020 |a 0-415-10228-6 
035 |l 10009734 
040 |a GR-MY-UA  |b gre  |e aacr 
041 0 |a eng 
082 0 |a 333.7 
100 1 |a Pickering, Kevin T. 
245 1 3 |a An introduction to global environmental issues /  |c Kevin T. Pickering; Lewis A. Owen 
260 |a London; New York :   |b Routledge,   |c 1994 
300 |a 390 p.  |b ill. 
504 |a Includes bibliographical references, glossary and index 
650 0 0 |a Environmental sciences. 
700 1 |a Owen, Lewis A.  |d 1964- 
852 |a INST  |b LESVOS  |e 19980804  |h 333.7 PIC  |p 005100010707  |q 005100010707  |t BK  |y 0 
901 |a BIBL-1998-2 
909 |a Λ  |b 037942 
922 |a 1ΕΛΗ  |b 199411  |c ΣΠΙΛΑΝΗΣ 
950 |a 155-1994-08-31